| 000 | 01214nam a2200337 i 4500 | ||
|---|---|---|---|
| 001 | 192823 | ||
| 003 | SpMaBN | ||
| 005 | 20250630060258.0 | ||
| 008 | 230529s2013 sp | |||| 000 f spa | ||
| 017 |
_aB 34227-2012 _bOficina Depósito Legal Barcelona |
||
| 020 | _a9788415750321 | ||
| 035 | _a(OCoLC)864114493 | ||
| 040 |
_aSpMaBN _bspa _cSpMaBN _erdc _dES-MaACL |
||
| 080 | _a821.134.2-31"19" | ||
| 100 | 1 |
_aLens, Carlos, _d1954- _9226316 _eaut |
|
| 245 | 1 | 4 |
_aLas monedas de Judas : _buna leyenda sobre las reliquias de los templarios / _cCarlos Lens |
| 250 | _aPrimera edición en esta colección: enero de 2013 | ||
| 260 |
_aBarcelona: _bPlataforma Editorial, _c2013 |
||
| 300 |
_a844 páginas ; _c22 cm |
||
| 336 |
_aTexto (visual) _2isbdcontent |
||
| 337 |
_asin mediación _2isbdmedia |
||
| 490 | 1 | _aPlataforma novela histórica | |
| 500 | _aÍndice | ||
| 610 | 2 | 0 |
_aOrden del Temple- _vNovelas _9235478 |
| 655 | 7 |
_aNovelas históricas _2tgfbne _9226782 |
|
| 830 |
_9235548 _aPlataforma novela histórica |
||
| 852 |
_aES-MaACL _bR.151863 _cDEPOJ _hDonación: Editorial _jN-8445 _9200125 |
||
| 942 |
_cMONOGRAFIA _n0 |
||
| 999 |
_c192823 _d192823 |
||